Cómo elaborar unidades didácticas en la educación infantil

Guardado en:
Detalles Bibliográficos
Autor principal: García González, Felicidad (Autor)
Formato: Libro
Lenguaje:español
Publicado: Barcelona Cisspraxis 2002
Edición:1a. ed
Colección:Colección Educación al Día. Didáctica y Pedagogía
Materias:
Etiquetas: Agregar Etiqueta
Sin Etiquetas, Sea el primero en etiquetar este registro!

MARC

LEADER 00000nam a2200000 a 4500
001 UCK1315
003 CL-VaPUC
008 041112e20020000SP |||||||||||||||||spa|d
020 |a 843310649X 
082 0 4 |a 372.19  |b GAR  |2 21 
100 |a García González, Felicidad  |e author  |9 489066 
245 1 0 |a Cómo elaborar unidades didácticas en la educación infantil 
250 |a 1a. ed 
300 |a 274 p 
942 |c BK 
945 |d 20041112 00:00:00  |a vberengu 
260 |a Barcelona  |b Cisspraxis  |c 2002 
650 0 |a Desarrollo curricular  |9 365285 
650 0 |a Currículo  |9 307290 
650 0 |a Planificación del currículo  |9 269599 
650 0 |a Aprendizaje   |9 254827 
583 |a last modification  |c 20041112 00:00:00  |k Rodrigo Vera 
490 0 |a Colección Educación al Día. Didáctica y Pedagogía 
999 |c 311291  |d 311289 
952 |0 0  |1 0  |4 0  |6 372_190000000000000_GAR_2002  |7 0  |8 A  |9 380644  |a BIBEDU  |b BIBEDU  |d 2019-11-21  |i 4077636  |o 372.19 GAR 2002  |p 4077636  |r 2019-11-21  |w 2019-11-21  |y BK  |k EDU